The interludes of cervantes / (Record no. 725755)

MARC details
000 -LEADER
fixed length control field 00763nam a2200265 a 4500
001 - CONTROL NUMBER
control field vtls001399293
003 - CONTROL NUMBER IDENTIFIER
control field NLI
005 - DATE AND TIME OF LATEST TRANSACTION
control field 20210627082122.0
008 - FIXED-LENGTH DATA ELEMENTS--GENERAL INFORMATION
fixed length control field 121127s1948 ilu 000 d eng
039 #9 - LEVEL OF BIBLIOGRAPHIC CONTROL AND CODING DETAIL [OBSOLETE]
-- 201211271932
-- VLOAD
040 ## - CATALOGING SOURCE
Original cataloging agency NLI
Language of cataloging eng
Transcribing agency DataSoft
Description conventions AACR2
041 1# - LANGUAGE CODE
Language code of text/sound track or separate title engspaspa
044 ## - COUNTRY OF PUBLISHING/PRODUCING ENTITY CODE
MARC country code ilu
084 ## - OTHER CLASSIFICATION NUMBER
Classification number 157
245 04 - TITLE STATEMENT
Title The interludes of cervantes /
Statement of responsibility, etc. translated [from the Spanish] by S. Griswold Morley
260 ## - PUBLICATION, DISTRIBUTION, ETC.
Place of publication, distribution, etc. Princeton :
Name of publisher, distributor, etc. The University Press,
Date of publication, distribution, etc. 1948
300 ## - PHYSICAL DESCRIPTION
Extent x, 223 p. ;
Dimensions 23 cm.
500 ## - GENERAL NOTE
General note Text in Spanish and English
650 #0 - SUBJECT ADDED ENTRY--TOPICAL TERM
Topical term or geographic name entry element English drama
9 (RLIN) 688423
700 1# - ADDED ENTRY--PERSONAL NAME
Personal name Morley, S. Griswold,
Relationship trl
9 (RLIN) 760523
887 ## - NON-MARC INFORMATION FIELD
Content of non-MARC field
901 ## - LOCAL DATA ELEMENT A, LDA (RLIN)
a 31017
b 29.03.1950
902 ## - LOCAL DATA ELEMENT B, LDB (RLIN)
a 157 E 869
942 ## - ADDED ENTRY ELEMENTS (KOHA)
Source of classification or shelving scheme Dewey Decimal Classification
Koha item type Books
Holdings
Withdrawn status Lost status Damaged status Not for loan Home library Current library Date acquired Total Checkouts Full call number Date last seen Price effective from Koha item type
        National Library of India National Library of India     157 E 869 27/06/2021 27/06/2021 Books
                                                                           
web counter

Copyright ©2020 The National Library of India, Govt. of India ↔ Hosted by NVLI, MOC ↔ Technology and Design by National Library of India, Ministry of Culture, Govt. of India